000 00608cam a22002053a 4500
001 39513
003 PGUSA
005 20140828083858.0
008 120423s2012||||xxu|||||s|||||000 | eng d
040 _aPGUSA
_beng
042 _adc
100 1 _aGozlan, Léon,
_d1803-1866
245 1 0 _aLes Tourelles, volume II :
_bHistoire des châteaux de France
_h[electronic resource] /
_cLéon Gozlan
260 _bProject Gutenberg,
_c2012
506 _aPublic domain in the USA.
516 _aElectronic text
830 0 _aProject Gutenberg
_v39513
856 4 0 _uhttp://www.gutenberg.org/ebooks/39513
942 _cEB
999 _c268766
_d268766